000 00598 a2200193 4500
003 Nust
005 20170207152500.0
010 _a 2005924147
020 _a354025093X (hbk.)
035 _a(OCoLC)ocm60519844
040 _cNust
082 0 0 _a384.3094
245 0 0 _aE-content :
_btechnologies and perspectives for the European market /
_cPeter A. Bruck ... [et al.] (editors).
260 _aBerlin ;
_aNew York :
_bSpringer,
_cc2005.
300 _axii, 244 p. :
_bill. ;
_c25 cm.
650 0 _aComputer network resources
_zEurope.
650 0 _aInternet industry
_zEurope.
700 1 _aBruck, Peter A.
_d1950-
942 _cREF
999 _c175266
_d175266